[Event "EOBCC 2020"]
[Site "Online"]
[Date "2020.12.18"]
[Round "9.23"]
[White "Gavrilescu, David"]
[Black "Keymer, Vincent"]
[Result "0-1"]
[WhiteElo "2476"]
[BlackElo "2588"]
[Annotator "ChessBase"]
[PlyCount "64"]
[EventDate "2020.12.18"]
[EventType "tourn"]
[EventCountry "NET"]
[SourceTitle "playchess.com"]
[Source "ChessBase"]
[SourceQuality "1"]

1. e4 c6 2. Nf3 d5 3. d3 dxe4 4. dxe4 Qxd1+ 5. Kxd1 Nd7 6. Ne1 e5 7. Nd3 f5 8. Nc3 Ngf6 9. exf5 e4 10. Nf4 Nc5 11. Bc4 Bxf5 12. Be3 b5 13. Bb3 a5 14. Ke2 g5 15. Bxc5 gxf4 16. Bd4 Bg7 17. a3 a4 18. Ba2 O-O-O 19. Rhd1 Rhe8 20. Kf1 e3 21. fxe3 fxe3 22. Bxf6 Bxf6 23. Rxd8+ Rxd8 24. Ke2 Bg5 25. Kf3 Rd2 26. Rf1 Bxc2 27. h4 Bh6 28. g4 Bd3 29. Rh1 Rf2+ 30. Kg3 Bf4+ 31. Kh3 Bf1+ 32. Rxf1 Rh2# 0-1

[Event "EOBCC 2020"]
[Site "Online"]
[Date "2020.12.18"]
[Round "9.24"]
[White "Barp, Alberto"]
[Black "Aleksandrov, Aleksej"]
[Result "1/2-1/2"]
[WhiteElo "2366"]
[BlackElo "2574"]
[Annotator "ChessBase"]
[PlyCount "102"]
[EventDate "2020.12.18"]
[EventType "tourn"]
[EventCountry "NET"]
[SourceTitle "playchess.com"]
[Source "ChessBase"]
[SourceQuality "1"]

1. d4 Nf6 2. c4 e6 3. Nf3 d5 4. g3 dxc4 5. Bg2 Nc6 6. Qa4 Bb4+ 7. Bd2 Bd6 8. Na3 Ne4 9. Nxc4 O-O 10. e3 Nxd2 11. Nfxd2 Bd7 12. Nxd6 cxd6 13. Qa3 d5 14. O-O Qe7 15. Qxe7 Nxe7 16. Rfc1 Rfc8 17. Nb3 Kf8 18. Bf1 Ke8 19. Nc5 Rc7 20. Rc3 Rac8 21. Rac1 b6 22. Nxd7 Kxd7 23. Bb5+ Kd6 24. Rxc7 Rxc7 25. Rxc7 Kxc7 26. Kg2 Kd6 27. g4 f6 28. f4 e5 29. fxe5+ fxe5 30. Kf3 g5 31. Kg3 Ng6 32. Bd3 Nf8 33. Bf5 h6 34. Kf2 Ne6 35. Bxe6 Kxe6 36. Ke2 Kd6 37. Kd3 a5 38. a4 Ke6 39. Kc3 Kd6 40. b3 Ke6 41. Kd3 Kd6 42. Kc3 Ke6 43. Kd3 e4+ 44. Kc3 Kf6 45. h3 Kg6 46. b4 h5 47. b5 h4 48. Kc2 Kf6 49. Kc3 Kg6 50. Kc2 Kf6 51. Kc3 Kg6 1/2-1/2

[Event "EOBCC 2020"]
[Site "Online"]
[Date "2020.12.18"]
[Round "9.25"]
[White "Mchedlishvili, Mikheil"]
[Black "Grinev, Valeriy"]
[Result "1/2-1/2"]
[WhiteElo "2570"]
[BlackElo "2441"]
[Annotator "ChessBase"]
[PlyCount "89"]
[EventDate "2020.12.18"]
[EventType "tourn"]
[EventCountry "NET"]
[SourceTitle "playchess.com"]
[Source "ChessBase"]
[SourceQuality "1"]

1. d4 Nf6 2. Bg5 Ne4 3. Bf4 c5 4. f3 Qa5+ 5. c3 Nf6 6. d5 e6 7. e4 exd5 8. exd5 d6 9. Na3 Be7 10. Nc4 Qd8 11. a4 O-O 12. Ne2 Nh5 13. Be3 f5 14. Nf4 Bg5 15. Nxh5 Bxe3 16. Nxe3 Qe8 17. Kf2 Qxh5 18. f4 Qh6 19. g3 b6 20. Bd3 g6 21. Nc4 Rd8 22. Qe2 Qf8 23. h4 Re8 24. Qf3 Ba6 25. h5 Bxc4 26. Bxc4 Nd7 27. Bb5 Re7 28. Bxd7 Rxd7 29. hxg6 hxg6 30. Rae1 Re8 31. Re6 Qf7 32. Rhe1 Rde7 33. Qe2 Rxe6 34. dxe6 Qb7 35. Qd3 Qc6 36. b3 d5 37. Qe3 Qd6 38. Qe5 Qxe5 39. Rxe5 Kf8 40. Kf3 Ke7 41. Rxd5 Kxe6 42. Re5+ Kd7 43. Rxe8 Kxe8 44. Ke3 Kd7 45. c4 1/2-1/2

[Event "EOBCC 2020"]
[Site "Online"]
[Date "2020.12.18"]
[Round "9.26"]
[White "Garayev, Kanan"]
[Black "Theodorou, Nikolas"]
[Result "1/2-1/2"]
[WhiteElo "2331"]
[BlackElo "2554"]
[Annotator "ChessBase"]
[PlyCount "221"]
[EventDate "2020.12.18"]
[EventType "tourn"]
[EventCountry "NET"]
[SourceTitle "playchess.com"]
[Source "ChessBase"]
[SourceQuality "1"]

1. d4 Nf6 2. c4 g6 3. Nc3 Bg7 4. Nf3 d6 5. g3 O-O 6. Bg2 Nc6 7. O-O e5 8. dxe5 Nxe5 9. Nxe5 dxe5 10. Qxd8 Rxd8 11. Bg5 Rd7 12. Rfd1 c6 13. b3 h6 14. Bxf6 Bxf6 15. Rxd7 Bxd7 16. Rd1 Be6 17. h4 Be7 18. Kf1 f5 19. Bh3 Kf7 20. e4 h5 21. f3 Kf6 22. Kg2 Bc5 23. f4 exf4 24. gxf4 Be7 25. Kf3 Kf7 26. exf5 gxf5 27. Ne2 Bxh4 28. Nd4 Rd8 29. Ke2 Bg3 30. Nxe6 Rxd1 31. Ng5+ Kf6 32. Kxd1 Bxf4 33. Nf3 Bd6 34. Ke2 Bc5 35. Kd3 a5 36. Nh4 f4 37. Ke4 Bd6 38. Bc8 b5 39. Bd7 bxc4 40. bxc4 c5 41. Nf3 Ke7 42. Bh3 Kf6 43. Kd5 Be7 44. Bd7 Bf8 45. Be8 h4 46. Nxh4 Kg5 47. Nf3+ Kg4 48. Ke4 Kg3 49. Bh5 Be7 50. Ne5 Bf6 51. Nd3 Be7 52. Nxf4 Kf2 53. Ne6 Ke1 54. Kd5 Kd2 55. Nxc5 Kc3 56. Ne4+ Kb4 57. c5 Bxc5 58. Nxc5 Ka3 59. Kc4 Kxa2 60. Kb5 Kb2 61. Kxa5 Kc3 62. Kb5 Kd4 63. Kc6 Kc4 64. Bf7+ Kd4 65. Kd6 Ke3 66. Ke5 Kf3 67. Bg6 Ke3 68. Be4 Ke2 69. Kf4 Kd2 70. Kf3 Kc3 71. Ne6 Kc4 72. Ke3 Kc3 73. Bd3 Kb4 74. Kd4 Kb3 75. Nc5+ Kb2 76. Kc4 Kc1 77. Ne4 Kd1 78. Kd4 Ke1 79. Kc3 Kd1 80. Bc4 Ke1 81. Kd4 Kd1 82. Ke3 Kc2 83. Be2 Kb3 84. Kd4 Kb4 85. Bc4 Ka4 86. Nd6 Kb4 87. Nb7 Ka4 88. Kc3 Ka3 89. Bd5 Ka4 90. Bc6+ Ka3 91. Nc5 Ka2 92. Nb3 Ka3 93. Bb5 Ka2 94. Nd2 Ka3 95. Bc6 Ka2 96. Bd5+ Ka3 97. Bc6 Ka2 98. Nb3 Kb1 99. Be4+ Ka2 100. Nd4 Ka3 101. Bc2 Ka2 102. Nb3 Ka3 103. Nd2 Ka2 104. Nc4 Ka1 105. Bb3 Kb1 106. Ba4 Kc1 107. Nb2 Kb1 108. Bb3 Ka1 109. Nc4 Kb1 110. Nd2+ Ka1 111. Bc2 1/2-1/2

[Event "EOBCC 2020"]
[Site "Online"]
[Date "2020.12.18"]
[Round "9.27"]
[White "Sargissian, Gabriel"]
[Black "Rasulov, Vugar"]
[Result "1-0"]
[WhiteElo "2682"]
[BlackElo "2478"]
[Annotator "ChessBase"]
[PlyCount "147"]
[EventDate "2020.12.18"]
[EventType "tourn"]
[EventCountry "NET"]
[SourceTitle "playchess.com"]
[Source "ChessBase"]
[SourceQuality "1"]

1. d4 g6 2. Nf3 Bg7 3. c4 d6 4. Nc3 Nc6 5. d5 Ne5 6. Nxe5 Bxe5 7. e4 e6 8. Be2 Ne7 9. Bh6 exd5 10. cxd5 Ng8 11. Be3 Nf6 12. Bd4 Qe7 13. O-O O-O 14. f4 Bxd4+ 15. Qxd4 c5 16. dxc6 bxc6 17. Bf3 Rb8 18. b3 c5 19. Qf2 Rb4 20. Rfe1 Rd4 21. Rad1 Rxd1 22. Rxd1 Bb7 23. Re1 Re8 24. e5 Bxf3 25. Qxf3 dxe5 26. fxe5 Nd7 27. Nd5 Qg5 28. Rf1 Rf8 29. Nf6+ Nxf6 30. exf6 h5 31. Qf4 Qxf4 32. Rxf4 Rd8 33. Ra4 Rd7 34. Ra5 Rc7 35. Ra4 Kh7 36. h4 g5 37. hxg5 Kg6 38. Ra5 Kxg5 39. b4 Kxf6 40. bxc5 Ke6 41. Kh2 Kf5 42. Kh3 Kg6 43. Ra6+ f6 44. c6 Kg5 45. Ra5+ f5 46. Rc5 Kf6 47. Kh4 Ke6 48. Kxh5 Kd6 49. Rc2 Ke5 50. Kg6 f4 51. Rc1 a5 52. a4 Ke4 53. Kf6 Kd5 54. Kg5 Ke4 55. Kg6 Ke5 56. Rc2 Ke6 57. Rc5 Kd6 58. Rc3 Ke5 59. Rc1 Ke6 60. Kg5 Ke5 61. Kh6 Ke6 62. Kg6 Ke5 63. Rc5+ Kd6 64. Rf5 Kxc6 65. Rxf4 Kc5 66. g4 Rc6+ 67. Kh5 Rb6 68. g5 Rb4 69. Rf5+ Kb6 70. g6 Rxa4 71. g7 Ra1 72. g8=Q Rh1+ 73. Kg6 Rg1+ 74. Rg5 1-0

[Event "EOBCC 2020"]
[Site "Online"]
[Date "2020.12.18"]
[Round "9.28"]
[White "Jakubowski, Krzysztof"]
[Black "Van Foreest, Jorden"]
[Result "1-0"]
[WhiteElo "2497"]
[BlackElo "2671"]
[Annotator "ChessBase"]
[PlyCount "63"]
[EventDate "2020.12.18"]
[EventType "tourn"]
[EventCountry "NET"]
[SourceTitle "playchess.com"]
[Source "ChessBase"]
[SourceQuality "1"]

1. e4 e6 2. d3 Nc6 3. Nd2 d5 4. Ngf3 Nf6 5. c3 e5 6. Qc2 a5 7. Be2 Be7 8. O-O O-O 9. b3 d4 10. Bb2 Be6 11. a3 h6 12. Rfc1 Bc5 13. Rab1 Ng4 14. h3 Nxf2 15. cxd4 Nxd4 16. Qxc5 Nxh3+ 17. gxh3 Nxe2+ 18. Kh2 Nxc1 19. Rxc1 f6 20. d4 exd4 21. Nxd4 Qd7 22. Rg1 Rf7 23. N2f3 Bxh3 24. Qh5 Be6 25. Nh4 Qd6+ 26. Kh1 Qf4 27. Ndf5 Qxe4+ 28. Kh2 Qf4+ 29. Rg3 Bxf5 30. Nxf5 Kf8 31. Qg6 Rd8 32. Kh3 1-0

[Event "EOBCC 2020"]
[Site "Online"]
[Date "2020.12.18"]
[Round "9.29"]
[White "Saric, Ivan"]
[Black "Iskusnyh, Sergei"]
[Result "1-0"]
[WhiteElo "2652"]
[BlackElo "2473"]
[Annotator "ChessBase"]
[PlyCount "59"]
[EventDate "2020.12.18"]
[EventType "tourn"]
[EventCountry "NET"]
[SourceTitle "playchess.com"]
[Source "ChessBase"]
[SourceQuality "1"]

1. e4 e6 2. d4 d5 3. Nc3 Nf6 4. e5 Nfd7 5. f4 c5 6. Nf3 Nc6 7. Be3 Rb8 8. Qd2 Qa5 9. Be2 b5 10. a4 a6 11. O-O b4 12. Nb5 cxd4 13. Nfxd4 Nxd4 14. Nxd4 Bc5 15. Rf3 Qc7 16. Kh1 O-O 17. Bd3 g6 18. Rg3 Be7 19. f5 Nxe5 20. Bh6 Nxd3 21. fxg6 hxg6 22. Qxd3 Kh7 23. Bxf8 Bxf8 24. Rf1 Bg7 25. Nf3 Kg8 26. Ng5 f5 27. Nh3 Qc4 28. Qd1 b3 29. cxb3 Qe4 30. Rxg6 1-0

[Event "EOBCC 2020"]
[Site "Online"]
[Date "2020.12.18"]
[Round "9.30"]
[White "Jaracz, Pawel"]
[Black "Movsesian, Sergei"]
[Result "1-0"]
[WhiteElo "2456"]
[BlackElo "2647"]
[Annotator "ChessBase"]
[PlyCount "95"]
[EventDate "2020.12.18"]
[EventType "tourn"]
[EventCountry "NET"]
[SourceTitle "playchess.com"]
[Source "ChessBase"]
[SourceQuality "1"]

1. e4 c5 2. Nf3 e6 3. d4 cxd4 4. Nxd4 Nc6 5. Nc3 Qc7 6. Be2 a6 7. O-O b5 8. Nxc6 dxc6 9. a4 Bb7 10. f4 b4 11. Nb1 c5 12. Nd2 Nf6 13. e5 Nd5 14. Nc4 Be7 15. a5 O-O 16. Bf3 Rad8 17. Qe2 Bc6 18. Qf2 Bb5 19. Be2 f5 20. exf6 Bxf6 21. Kh1 Bd4 22. Qg3 Rf6 23. Bd2 Bxb2 24. Rae1 Bd4 25. Bd3 Rdf8 26. Qh3 Rh6 27. Qg4 Rff6 28. h3 Ne7 29. f5 exf5 30. Qe2 Re6 31. Qxe6+ Rxe6 32. Rxe6 g6 33. Rfe1 Nd5 34. Nd6 Bxd3 35. Bh6 Ne7 36. cxd3 b3 37. Rxe7 Qxd6 38. Rb7 Qd8 39. Bf4 b2 40. Rb8 Qxb8 41. Bxb8 Bc3 42. Rb1 Kf7 43. Bd6 Ke6 44. Bxc5 Kd5 45. d4 Kc4 46. Ba3 Kb3 47. Bxb2 Bxb2 48. d5 1-0

[Event "EOBCC 2020"]
[Site "Online"]
[Date "2020.12.18"]
[Round "9.31"]
[White "Nikolovski, Nikola"]
[Black "Kovalenko, Igor"]
[Result "1-0"]
[WhiteElo "2454"]
[BlackElo "2643"]
[Annotator "ChessBase"]
[PlyCount "83"]
[EventDate "2020.12.18"]
[EventType "tourn"]
[EventCountry "NET"]
[SourceTitle "playchess.com"]
[Source "ChessBase"]
[SourceQuality "1"]

1. e4 c5 2. Nc3 Nc6 3. f4 g6 4. Nf3 Bg7 5. Bb5 Nd4 6. O-O e6 7. e5 Ne7 8. Nxd4 cxd4 9. Ne4 O-O 10. b3 d5 11. Nd6 a6 12. Bd3 Nc6 13. Qe2 b5 14. a4 b4 15. Bb2 Qc7 16. Rae1 Rd8 17. h4 Rxd6 18. exd6 Qxd6 19. h5 a5 20. Qf2 Ba6 21. Bxa6 Rxa6 22. d3 Ra8 23. hxg6 hxg6 24. g4 Bf6 25. Kg2 Rc8 26. Rh1 Ne7 27. Re2 Qb6 28. Kf1 Rc6 29. Qh2 Qc7 30. Ke1 Kf8 31. Kd1 Bg7 32. Rf1 Rc5 33. Qg1 Rc3 34. Qf2 Ke8 35. Qh2 Kd7 36. Qh7 Bf6 37. Qxf7 Bh4 38. Qxe6+ Kd8 39. g5 Rc6 40. Qf7 Qd6 41. Bxd4 Bg3 42. Bf6 1-0

[Event "EOBCC 2020"]
[Site "Online"]
[Date "2020.12.18"]
[Round "9.32"]
[White "Belyakov, Bogdan"]
[Black "Martirosyan, Haik M."]
[Result "1-0"]
[WhiteElo "2450"]
[BlackElo "2622"]
[Annotator "ChessBase"]
[PlyCount "119"]
[EventDate "2020.12.18"]
[EventType "tourn"]
[EventCountry "NET"]
[SourceTitle "playchess.com"]
[Source "ChessBase"]
[SourceQuality "1"]

1. e4 e6 2. d4 d5 3. Nc3 Bb4 4. e5 c5 5. a3 Ba5 6. b4 cxd4 7. Nb5 Bc7 8. f4 Ne7 9. Nf3 Nbc6 10. Nfxd4 Nxd4 11. Qxd4 Bb6 12. Qd3 O-O 13. Be3 Bxe3 14. Qxe3 Nf5 15. Qd2 Qb6 16. Bd3 Bd7 17. Bxf5 Bxb5 18. Bd3 Rac8 19. Ke2 Rc7 20. a4 Bc4 21. Kf3 Rfc8 22. Rhd1 Bxd3 23. cxd3 Rc2 24. Rac1 Qc6 25. Rxc2 Qxc2 26. Qxc2 Rxc2 27. h4 Kf8 28. g3 Ke7 29. Rb1 h5 30. a5 g6 31. b5 Kd7 32. a6 Kc7 33. Ke3 Ra2 34. Rc1+ Kb8 35. axb7 Kxb7 36. Rc6 Rg2 37. Rd6 Rxg3+ 38. Kd4 Rg4 39. Rd7+ Kb6 40. Rxf7 Rxh4 41. Rf6 Kxb5 42. Rxe6 Rxf4+ 43. Kxd5 a5 44. Rxg6 a4 45. e6 Rf8 46. e7 Re8 47. Kd6 a3 48. Rg5+ Kb4 49. Rxh5 Ra8 50. d4 Ra6+ 51. Kd7 Ra7+ 52. Ke6 Ra6+ 53. Kf7 Ra7 54. Kf8 a2 55. Rh1 Kc3 56. e8=Q a1=Q 57. Qc6+ Kxd4 58. Rxa1 Rxa1 59. Qf6+ Kd5 60. Qxa1 1-0

[Event "EOBCC 2020"]
[Site "Online"]
[Date "2020.12.18"]
[Round "9.33"]
[White "Piorun, Kacper"]
[Black "Stefanova, Antoaneta"]
[Result "0-1"]
[WhiteElo "2615"]
[BlackElo "2466"]
[Annotator "ChessBase"]
[PlyCount "94"]
[EventDate "2020.12.18"]
[EventType "tourn"]
[EventCountry "NET"]
[SourceTitle "playchess.com"]
[Source "ChessBase"]
[SourceQuality "1"]

1. b3 e5 2. Bb2 d6 3. e3 Nc6 4. c4 g6 5. Nc3 Bg7 6. Nf3 f5 7. d3 Nf6 8. Be2 O-O 9. a3 Be6 10. b4 h6 11. d4 exd4 12. exd4 d5 13. b5 Ne7 14. c5 Ne4 15. Qc2 g5 16. Nb1 Ng6 17. g3 g4 18. Nfd2 Qf6 19. Nxe4 fxe4 20. Rf1 Bf5 21. Nc3 c6 22. O-O-O e3 23. Bd3 Bxd3 24. Rxd3 exf2 25. Nd1 Rae8 26. Rxf2 Qg5+ 27. Kb1 Re1 28. Rxf8+ Nxf8 29. Bc1 Qg6 30. Be3 Ne6 31. Bf2 Rh1 32. bxc6 bxc6 33. Ka2 Rxh2 34. Qe2 Nxd4 35. Qe3 Nf3 36. Nb2 d4 37. Qe2 Ne5 38. Rb3 d3 39. Qe3 Qf7 40. Be1 d2 41. Bxd2 Qd5 42. Bc3 Nc4 43. Qe8+ Kh7 44. Qe7 Ne5 45. Bxe5 Qxe5 46. Qxe5 Bxe5 47. Kb1 Rxb2+ 0-1

[Event "EOBCC 2020"]
[Site "Online"]
[Date "2020.12.18"]
[Round "9.34"]
[White "Shahinyan, David"]
[Black "Smirin, Ilia"]
[Result "1-0"]
[WhiteElo "2452"]
[BlackElo "2614"]
[Annotator "ChessBase"]
[PlyCount "133"]
[EventDate "2020.12.18"]
[EventType "tourn"]
[EventCountry "NET"]
[SourceTitle "playchess.com"]
[Source "ChessBase"]
[SourceQuality "1"]

1. e4 c5 2. Nc3 e6 3. g3 d5 4. exd5 exd5 5. d3 Nf6 6. Bg2 d4 7. Ne4 Nxe4 8. Bxe4 Bd6 9. Ne2 O-O 10. O-O Nd7 11. Bf4 Nf6 12. Bg2 Bg4 13. Bxd6 Qxd6 14. Qd2 Rab8 15. Nf4 b5 16. Rfe1 c4 17. h3 Bf5 18. g4 c3 19. bxc3 dxc3 20. Qe3 Rbe8 21. Qg3 Bc8 22. Nd5 Qxg3 23. Nxf6+ gxf6 24. fxg3 Rxe1+ 25. Rxe1 Be6 26. a3 a5 27. Rb1 Rb8 28. Bc6 b4 29. axb4 axb4 30. Kf2 Ba2 31. Rc1 Rb6 32. Be4 Ra6 33. Ke3 Be6 34. d4 Ra5 35. Rb1 Rb5 36. Bc6 Rb6 37. d5 Kf8 38. Kd4 b3 39. Kc5 bxc2 40. Rc1 Rb1 41. Rxc2 Bc8 42. Rxc3 f5 43. gxf5 Bxf5 44. g4 Bc8 45. d6 Rd1 46. Ra3 Rc1+ 47. Kb6 Be6 48. Ra8+ Kg7 49. d7 Bxd7 50. Bxd7 Rh1 51. Ra3 Kf6 52. Rf3+ Kg7 53. Kc5 h5 54. Kd6 hxg4 55. hxg4 Rd1+ 56. Kc7 Rc1+ 57. Kb6 Rb1+ 58. Kc5 Rc1+ 59. Kb4 Rd1 60. Bf5 Rc1 61. Rc3 Rd1 62. Kc4 Kf6 63. Rd3 Rc1+ 64. Kd4 Kg5 65. Ke3 Re1+ 66. Kf3 Re7 67. Rd7 1-0

[Event "EOBCC 2020"]
[Site "Online"]
[Date "2020.12.18"]
[Round "9.35"]
[White "Svane, Rasmus"]
[Black "Muradli, Mahammad"]
[Result "1-0"]
[WhiteElo "2613"]
[BlackElo "2449"]
[Annotator "ChessBase"]
[PlyCount "67"]
[EventDate "2020.12.18"]
[EventType "tourn"]
[EventCountry "NET"]
[SourceTitle "playchess.com"]
[Source "ChessBase"]
[SourceQuality "1"]

1. Nf3 Nf6 2. g3 g6 3. Bg2 Bg7 4. O-O O-O 5. d4 d5 6. c4 c6 7. Qb3 a5 8. Rd1 a4 9. Qb4 Ne4 10. Bf4 dxc4 11. Qxc4 Nd6 12. Qc1 Na6 13. Nc3 Nb4 14. e4 Qa5 15. a3 Na6 16. Ne5 Be6 17. h4 Bb3 18. Re1 Rad8 19. h5 Nc4 20. hxg6 hxg6 21. Nf3 Bxd4 22. Nxd4 Rxd4 23. e5 Nc5 24. Bh6 Nd3 25. Qg5 Rfd8 26. Qxe7 Nxe1 27. Rxe1 Nd6 28. exd6 R4xd6 29. Re5 Qb6 30. Ne4 Rd1+ 31. Kh2 Qd4 32. Nf6+ Kh8 33. Qe8+ Rxe8 34. Rxe8# 1-0

[Event "EOBCC 2020"]
[Site "Online"]
[Date "2020.12.18"]
[Round "9.36"]
[White "Durarbayli, Vasif"]
[Black "Ahmadzada, Ahmad"]
[Result "1/2-1/2"]
[WhiteElo "2606"]
[BlackElo "2431"]
[Annotator "ChessBase"]
[PlyCount "156"]
[EventDate "2020.12.18"]
[EventType "tourn"]
[EventCountry "NET"]
[SourceTitle "playchess.com"]
[Source "ChessBase"]
[SourceQuality "1"]

1. e4 e5 2. Nf3 Nc6 3. Bb5 Nf6 4. d3 d6 5. c3 g6 6. O-O Bg7 7. h3 O-O 8. Re1 Bd7 9. Ba4 Kh8 10. Be3 Nh5 11. d4 Qe8 12. dxe5 Nxe5 13. Bxd7 Nxf3+ 14. Qxf3 Qxd7 15. Nd2 f5 16. exf5 Qxf5 17. Qxb7 Rab8 18. Qxc7 Rxb2 19. Nf3 Nf4 20. Bxf4 Qxf4 21. Re7 Qf6 22. Qxa7 Qxc3 23. Rae1 d5 24. Rc7 Qf6 25. Rd7 d4 26. Rxd4 Rxf2 27. Kxf2 Qxd4+ 28. Qxd4 Bxd4+ 29. Ke2 Bf6 30. Kd3 Ra8 31. Re2 Ra4 32. Rc2 Kg7 33. Nd2 Kh6 34. Ne4 Be5 35. Nc5 Rd4+ 36. Ke3 Rd1 37. Nd3 Bf6 38. Rc4 Ra1 39. Ra4 Kg5 40. h4+ Kf5 41. g3 g5 42. g4+ Ke6 43. Ra6+ Ke7 44. h5 Rg1 45. Ra4 Ra1 46. Ke4 Ke6 47. Ra6+ Ke7 48. Ra7+ Ke6 49. Nc5+ Kd6 50. Ra6+ Ke7 51. Ra7+ Kd6 52. Ra6+ Ke7 53. h6 Rf1 54. Kd5 Rd1+ 55. Kc4 Rd4+ 56. Kb5 Rxg4 57. Ra7+ Kd6 58. Rxh7 Rh4 59. a4 Rh1 60. Ne4+ Ke5 61. Nxf6 Kxf6 62. Rc7 g4 63. a5 g3 64. Rg7 Rh5+ 65. Kb6 Rg5 66. Rxg5 Kxg5 67. h7 g2 68. h8=Q g1=Q+ 69. Kb5 Qb1+ 70. Ka6 Qd3+ 71. Kb6 Qb3+ 72. Kc5 Qa3+ 73. Kb5 Qb3+ 74. Ka6 Qc4+ 75. Kb6 Qb4+ 76. Ka6 Qc4+ 77. Kb6 Qb4+ 78. Ka6 Qc4+ 1/2-1/2

[Event "EOBCC 2020"]
[Site "Online"]
[Date "2020.12.18"]
[Round "9.37"]
[White "Shevchenko, Kirill"]
[Black "Efimov, Igor"]
[Result "1-0"]
[WhiteElo "2592"]
[BlackElo "2416"]
[Annotator "ChessBase"]
[PlyCount "99"]
[EventDate "2020.12.18"]
[EventType "tourn"]
[EventCountry "NET"]
[SourceTitle "playchess.com"]
[Source "ChessBase"]
[SourceQuality "1"]

1. e4 c6 2. Nc3 d5 3. Nf3 g6 4. d4 Bg7 5. h3 Nh6 6. Bf4 f6 7. Bxh6 Bxh6 8. Bd3 O-O 9. O-O Bg7 10. Qe2 e6 11. Rad1 b5 12. a4 a6 13. Qe3 Ra7 14. h4 Re7 15. h5 b4 16. Ne2 g5 17. e5 h6 18. exf6 Bxf6 19. Ne5 Bxe5 20. Qxe5 Nd7 21. Qd6 Nf6 22. Qxc6 Bb7 23. Qc5 Nxh5 24. Qxb4 a5 25. Qd2 Rg7 26. c3 Qd6 27. Rde1 Bc6 28. Bc2 Rf6 29. Qd3 Be8 30. Qh3 g4 31. Qh4 Rg5 32. Qh2 Qb6 33. Ng3 Nf4 34. Ne2 Nh5 35. b3 Bg6 36. Bxg6 Rfxg6 37. Nf4 g3 38. Qh4 gxf2+ 39. Rxf2 Nxf4 40. Qxf4 Rf5 41. Qe3 Rxf2 42. Qxf2 Qxb3 43. Rf1 Qb7 44. Qf8+ Kh7 45. Rf7+ Qxf7 46. Qxf7+ Rg7 47. Qxe6 Rc7 48. Qf5+ Kg8 49. Qxd5+ Kh7 50. Qxa5 1-0

[Event "EOBCC 2020"]
[Site "Online"]
[Date "2020.12.18"]
[Round "9.38"]
[White "Hakobyan, Aram"]
[Black "Bazeev, German"]
[Result "1-0"]
[WhiteElo "2598"]
[BlackElo "2398"]
[Annotator "ChessBase"]
[PlyCount "71"]
[EventDate "2020.12.18"]
[EventType "tourn"]
[EventCountry "NET"]
[SourceTitle "playchess.com"]
[Source "ChessBase"]
[SourceQuality "1"]

1. c4 e5 2. b3 d6 3. Bb2 f5 4. g3 Nf6 5. Bg2 Be7 6. Nc3 O-O 7. e3 c5 8. Nge2 Nc6 9. O-O Kh8 10. a3 Qe8 11. d4 e4 12. dxc5 dxc5 13. Nf4 Bd7 14. Ncd5 Rd8 15. Nxe7 Qxe7 16. Qd2 Be6 17. Qc3 Bf7 18. Rad1 Rxd1 19. Rxd1 Rd8 20. Rxd8+ Qxd8 21. Qc1 Qd6 22. Bh3 Ne7 23. b4 b6 24. bxc5 bxc5 25. Bc3 g5 26. Nd5 Bxd5 27. cxd5 g4 28. Bf1 Nexd5 29. Bb2 Ne7 30. Bc4 Kg7 31. Bb3 h5 32. Qc4 Kg6 33. Qf7+ Kg5 34. Qf8 c4 35. Bxc4 Qd1+ 36. Bf1 1-0

[Event "EOBCC 2020"]
[Site "Online"]
[Date "2020.12.18"]
[Round "9.39"]
[White "Mammadzada, Gunay"]
[Black "Kobalia, Mikhail"]
[Result "0-1"]
[WhiteElo "2443"]
[BlackElo "2590"]
[Annotator "ChessBase"]
[PlyCount "76"]
[EventDate "2020.12.18"]
[EventType "tourn"]
[EventCountry "NET"]
[SourceTitle "playchess.com"]
[Source "ChessBase"]
[SourceQuality "1"]

1. e4 c5 2. Nf3 e6 3. d4 cxd4 4. Nxd4 Nc6 5. Nc3 a6 6. Nxc6 bxc6 7. Bd3 d5 8. O-O Nf6 9. Re1 Be7 10. e5 Nd7 11. Qg4 Kf8 12. Bd2 a5 13. Na4 Ba6 14. c4 h5 15. Qe2 h4 16. h3 g6 17. Rac1 Rh5 18. f4 Kg7 19. Kh1 Rh8 20. b3 Ba3 21. Rcd1 Qe7 22. Rf1 Bb4 23. Be3 Rad8 24. Bd4 Nc5 25. Nxc5 Bxc5 26. Bb2 dxc4 27. Bxc4 Bxc4 28. Qxc4 Rd5 29. Qa4 Qb7 30. Rxd5 cxd5 31. Bc3 Bb4 32. Bb2 Rc8 33. a3 Qa6 34. Rf3 Rc2 35. Bd4 Qe2 36. Rf2 Qd1+ 37. Kh2 Be1 38. Rxc2 Bg3# 0-1

[Event "EOBCC 2020"]
[Site "Online"]
[Date "2020.12.18"]
[Round "9.40"]
[White "Asadli, Vugar"]
[Black "Tsvetkov, Andrey"]
[Result "1/2-1/2"]
[WhiteElo "2572"]
[BlackElo "2395"]
[Annotator "ChessBase"]
[PlyCount "115"]
[EventDate "2020.12.18"]
[EventType "tourn"]
[EventCountry "NET"]
[SourceTitle "playchess.com"]
[Source "ChessBase"]
[SourceQuality "1"]

1. e4 c5 2. Nc3 d6 3. g3 g6 4. Bg2 Bg7 5. d3 Nc6 6. Be3 e5 7. Nh3 Nge7 8. O-O O-O 9. f4 f5 10. Qd2 fxe4 11. dxe4 Nd4 12. fxe5 Bxh3 13. Bxh3 Nf3+ 14. Rxf3 Rxf3 15. Bg5 h6 16. Bg4 Rxc3 17. Bxe7 Qxe7 18. Qxc3 Qxe5 19. Qb3+ Kh7 20. Qxb7 Qd4+ 21. Kh1 Rf8 22. c3 Qd2 23. Rd1 Qc2 24. e5 Rf2 25. Kg1 h5 26. Bf3 Rxh2 27. Rf1 Rd2 28. exd6 Qd3 29. d7 Qxd7 30. Qxd7 Rxd7 31. Rf2 Rf7 32. Kg2 Kh6 33. Re2 Rd7 34. a4 Rd6 35. Be4 Bf6 36. Bc2 Bg5 37. b4 cxb4 38. cxb4 Rd2 39. Kf3 Rxe2 40. Kxe2 Be7 41. b5 Kg5 42. Kf3 Kf6 43. Ke4 Bd6 44. Kf3 g5 45. a5 g4+ 46. Kg2 Bc7 47. b6 axb6 48. a6 Bb8 49. Ba4 b5 50. Bxb5 Kg5 51. Bd7 Kg6 52. Kf2 Kg5 53. Ke3 Kg6 54. Kd4 Bxg3 55. Ke4 Bf2 56. Kf4 Ba7 57. Bxg4 hxg4 58. Kxg4 1/2-1/2

[Event "EOBCC 2020"]
[Site "Online"]
[Date "2020.12.18"]
[Round "9.41"]
[White "Razin, Vadim"]
[Black "Thybo, Jesper Sondergaard"]
[Result "1-0"]
[WhiteElo "2428"]
[BlackElo "2565"]
[Annotator "TA"]
[PlyCount "55"]
[EventDate "2020.12.18"]
[EventType "tourn"]
[EventCountry "NET"]
[SourceTitle "playchess.com"]
[Source "ChessBase"]
[SourceQuality "1"]

1. d4 Nf6 2. Nf3 d5 3. c4 e6 4. Nc3 dxc4 5. e3 a6 6. Bxc4 b5 7. Be2 Bb7 8. O-O Nbd7 9. a4 b4 10. Nb1 c5 11. b3 Be7 12. Bb2 O-O 13. Nbd2 Qb8 14. Nc4 Rd8 15. Rc1 Ne4 16. Qc2 cxd4 17. exd4 Ndf6 18. Nfe5 Nd5 19. Qxe4 Nc3 20. Qe3 Rxd4 21. Bxc3 Re4 22. Qd3 bxc3 23. Bf3 Rh4 24. g3 Rh6 25. Bxb7 Qxb7 26. Qxc3 Bf6 27. Qf3 Qd5 28. Rfd1 1-0

[Event "EOBCC 2020"]
[Site "Online"]
[Date "2020.12.18"]
[Round "9.42"]
[White "Petriashvili, Nikoloz"]
[Black "Steinberg, Nitzan"]
[Result "0-1"]
[WhiteElo "2425"]
[BlackElo "2553"]
[Annotator "ChessBase"]
[PlyCount "144"]
[EventDate "2020.12.18"]
[EventType "tourn"]
[EventCountry "NET"]
[SourceTitle "playchess.com"]
[Source "ChessBase"]
[SourceQuality "1"]

1. e4 c5 2. Nc3 d6 3. f4 a6 4. Nf3 b5 5. g3 Bb7 6. d3 e6 7. Bg2 Nf6 8. O-O Nc6 9. a4 b4 10. Nb1 Be7 11. b3 Nd7 12. Bb2 Bf6 13. e5 dxe5 14. Nxe5 Qc7 15. Nd2 Ncxe5 16. fxe5 Bxe5 17. Bxb7 Qxb7 18. Nc4 Bc7 19. Bxg7 Rg8 20. Bb2 O-O-O 21. Qf3 f5 22. Rae1 Rde8 23. Qxb7+ Kxb7 24. Kh1 h5 25. Re2 Rg6 26. Rxf5 h4 27. Rf7 Kc6 28. gxh4 Reg8 29. Rf1 Rg4 30. Rxe6+ Kb7 31. Ne5 Rxh4 32. Rf2 Nb6 33. Rg6 Re8 34. Rg7 Nd5 35. Nf3 Rh5 36. Rg5 Rxg5 37. Nxg5 Re1+ 38. Kg2 Ne3+ 39. Kh3 Nd1 40. Rf7 Nxb2 41. Ne4 Kc6 42. Rf6+ Kd5 43. Rxa6 Nd1 44. Ra7 Be5 45. Rd7+ Kc6 46. Re7 Bc7 47. Re6+ Kd5 48. Re7 Re3+ 49. Kg4 Be5 50. h4 Re2 51. Rd7+ Kc6 52. Re7 Bd4 53. Re6+ Kd5 54. Rd6+ Ke5 55. Rh6 Rxc2 56. Rh5+ Ke6 57. a5 Ne3+ 58. Kf3 Nf5 59. a6 Ra2 60. Ng5+ Kf6 61. Ne4+ Ke6 62. Ng5+ Kd7 63. a7 Kc6 64. Ne4 Ne7 65. Rh6+ Kd7 66. Nf6+ Kc7 67. Rh7 Bxf6 68. Rf7 Bxh4 69. Kg4 Rxa7 70. Kxh4 Kd6 71. Kg4 Rd7 72. Kf4 Nd5+ 0-1